[Event "EU-ch 2nd"]
[Site "Ohrid"]
[Date "2001.06.06"]
[Round "6"]
[White "Ehlvest, Jaan"]
[Black "Atalik, Suat"]
[Result "1/2-1/2"]
[WhiteElo "2630"]
[BlackElo "2537"]
[Annotator "Atalik,S"]
[PlyCount "94"]
[EventDate "2001.06.01"]
[EventType "swiss"]
[EventRounds "13"]
[EventCountry "YUG"]
[SourceTitle "CBM 084"]
[Source "ChessBase"]
[SourceDate "2001.09.13"]
[SourceVersion "1"]
[SourceVersionDate "2001.09.13"]
[SourceQuality "1"]

1. e4 c5 2. Nf3 d6 3. Bb5+ Bd7 4. Bxd7+ Qxd7 5. c4 Nf6 6. Nc3 Nc6 7. d4 cxd4 8.
Nxd4 g6 9. f3 Bg7 10. Nde2 O-O 11. O-O e6 12. Bg5 h6 13. Bh4 $1 {This move
will replace 13.Be3.} a6 14. a4 {Preventing a possible b5.Black's main idea is
not to get boxed,so he will always look to ideas like Na5,b5.} Qc7 15. Kh1 Nd7
16. Rb1 Rfe8 {Difficult to come up with the best move.} (16... Rae8 $5 17. f4 (
17. Qd2 $6 Na5 18. b3 Nc5 19. Qd1 Rc8 20. Bg3 Ncxb3 21. Bxd6 Qxc4 22. Bxf8 Rxf8
$17) (17. b3 Nc5 18. Bg3 Ne5 19. Qd2) 17... f5 18. b3 (18. exf5 gxf5 19. Ng3 $6
Nb6 20. Nh5 Nxc4 21. Nxg7 Kxg7 $15) 18... Nc5 19. exf5 gxf5 20. b4 Nd7 21. Qd3
Nd8 22. Rfd1 Nf7 23. c5 d5 24. a5 Nf6 25. Bxf6 Bxf6 26. Qe3 Nd8 27. Nd4 Bxd4
28. Qxd4 (28. Rxd4 Nc6 29. Rd3 d4 30. Qg3+ Kh7 31. Ne2 Rd8 32. Qf2 Rd5 $13)
28... Nc6 29. Qf2 Kh7 30. Ne2 Rg8 31. Nd4 Rg4 32. g3 Qf7 $14) (16... Rac8 $5
17. f4 f5 18. exf5 gxf5 19. Rf3 Nf6 20. b3 $14) 17. f4 $1 Nb4 $6 {Black does
not react in the spirit of the position.} ({Usually f4 should be met by f5 in
this type of position.} 17... f5 18. exf5 gxf5 19. Rf3 (19. Ng3 Na5 20. Nh5
Nxc4 21. Nxg7 Kxg7 22. Qd3 Rac8 23. b3 Ne3 $1 $13) 19... Nd8 20. Rg3 Kh7 21.
Qd3 Rc8 22. Rd1 Nf7 23. Qf3 Nf8 24. Qh5 Nh8 25. Rgd3 Qf7 26. Qf3 Nhg6 27. Bf2
e5 28. Rxd6 e4 29. Qh3 Rxc4 30. Bd4 $13) 18. b3 Nc5 19. f5 $1 Ncd3 (19... exf5
$2 20. exf5 Re3 21. fxg6 fxg6 22. Nd5 $16) 20. Na2 $1 $16 {A very strong move ,
now black has problems to stop his opponents clamp in the kingside.} Qc6 21.
Nxb4 Nxb4 22. Be1 $1 {Jaan increases whites initiative.} (22. Ng3 exf5 23. exf5
d5 24. Qg4 g5 25. f6 (25. Nh5 $2 Re4) 25... Bxf6 26. Nf5 Re4 27. Nxh6+ Kh7 28.
Qf5+ Kxh6 29. Qxf6+ Qxf6 30. Rxf6+ Kh5 31. Bg3 dxc4 32. bxc4 Rxc4 33. a5 Rac8
34. h3 Rc1+ 35. Rxc1 Rxc1+ 36. Kh2 Rc6 37. Bd6 (37. Rxf7 b6 $11) 37... g4 38.
hxg4+ Kxg4 39. Rf4+ Kg5 40. Rxb4 Rxd6 41. Rxb7 Rd5 42. Rxf7 Rxa5 $11) (22. fxg6
$6 fxg6 {is profitable for black.}) 22... Qc5 $2 (22... a5 $8) 23. Nf4 $1 g5
24. Nh5 Nc6 (24... Be5 25. fxe6 Rxe6 26. Qf3 Rf8 27. Bc3 $18 {Black's kingside
is too weak.}) 25. Nxg7 Kxg7 26. Bc3+ $1 (26. Qh5 Ne5 27. Bc3 Qc7 28. c5 exf5 (
28... Qxc5 $2 29. f6+ Kh7 30. Bxe5 $18) (28... dxc5 $2 29. f6+ $18) (28... f6
$2 29. Bxe5 dxe5 30. Qg6+ $18) 29. exf5 (29. Rxf5 $6 f6 30. Rbf1 Re6 31. Bxe5
dxe5 32. Rxf6 Rxf6 33. Rxf6 Kxf6 34. Qxh6+ Ke7 35. Qg7+ Kd8 36. Qf8+ Kd7 37.
Qxa8 Qc6 $132) 29... dxc5 30. Rbe1 Kh7 31. Bxe5 Rxe5 32. Rxe5 Qxe5 33. Qxf7+
Qg7 34. Qd5 $1 $16) 26... e5 27. f6+ (27. Qh5 Rh8) 27... Kg6 28. Qg4 $2 {
White conducted a great offense till this position,here he misses an immediate
win.} (28. h4 Qe3 (28... Re6 29. Qf3 $1 Nd4 30. Bxd4 exd4 31. Qf5+ Kh5 32. g4+
Kxh4 33. Qf2+ Kxg4 34. Qf3+ Kh4 35. Kg2 $18) 29. Qg4 Nd4 30. Bxd4 exd4 31. Rbe1
$18) 28... Nd4 29. Rf5 Qc8 $1 {Black resolved most of his problems.} 30. Bxd4
exd4 31. Rd1 Re5 $1 (31... Rxe4 32. Rxg5+ hxg5 33. Qxe4+ Qf5 34. Qxd4 $16) 32.
h4 $1 (32. Rxd4 $2 Rxf5 33. exf5+ Qxf5 34. Qxf5+ Kxf5 35. Rxd6 Re8 36. Kg1 Re6
$11) 32... Qe6 $1 {Though defense.} (32... Rxf5 $2 33. exf5+ Qxf5 34. h5+ Kxf6
35. Qxd4+ Qe5 36. Qxd6+ Qxd6 37. Rxd6+ Kg7 38. Rb6 Rb8 39. Kh2 $18 {looks
hopeless to me.}) (32... Qc5 33. Rdf1) 33. Rxd4 Re8 34. Kh2 Rxf5 35. exf5+ Qxf5
36. Qxf5+ Kxf5 37. Rxd6 Re6 38. Rd7 Rb6 39. Rxf7 Rxb3 $1 $14 (39... Kg6 $2 40.
Rd7 gxh4 41. f7 Kg7 42. Rd3 Kxf7 43. Kh3 $18) (39... gxh4 $6 40. Rd7 (40. Rh7
Ke6 41. f7 Ke7) 40... Kxf6 41. Rd3 $16) 40. Rh7 $6 {This is an immediate draw.}
(40. h5 $1 {The last dangerous moment for black.} g4 (40... Rb4 41. a5 Ke6 42.
Rh7 Kxf6 43. Rxh6+ Kf5 44. Rb6 Rxc4 45. h6 (45. Rb3 Kf6 $1 46. Rxb7 Rh4+ 47.
Kg3 Rxh5 48. Rb6+ Kf5 49. Rxa6 Rh1 $11) 45... Rc7 46. Kg3 Rc3+ 47. Kf2 Rc2+ 48.
Kf1 Rc1+ 49. Ke2 Rc2+ 50. Ke3 Rxg2 51. Rxb7 Ra2 52. Rb8 Ra3+ 53. Kd2 Ra2+ 54.
Kc3 Rh2 55. Rb6 g4 $11) 41. Rg7 Kxf6 42. Rxg4 Ra3 43. Rg6+ Kf5 44. Rxh6 Kg5 45.
Rb6 Kxh5 46. Rxb7 Rxa4 47. c5 Rc4 48. Rc7 a5 $11) 40... Kxf6 41. Rxh6+ Kg7 42.
hxg5 Rb4 (42... b5 $11 {Another way to draw is to play against a set of double
pawns which is an easy draw.}) 43. c5 Rxa4 44. Rb6 Rc4 45. Rxb7+ Kg6 46. Rc7
Kxg5 (46... a5 47. Kh3 $11) 47. Kh3 (47. c6 a5 48. Rc8 Kg6 49. c7 Kg7 $11)
47... a5 1/2-1/2

[Event "YUG-chT"]
[Site "Vrnjacka Banja"]
[Date "1998.08.29"]
[Round "8"]
[White "Baklan, Vladimir"]
[Black "Atalik, Suat"]
[Result "1/2-1/2"]
[WhiteElo "2585"]
[BlackElo "2585"]
[Annotator "Atalik,S"]
[PlyCount "51"]
[EventDate "1998.08.??"]
[EventType "team"]
[EventRounds "11"]
[EventCountry "YUG"]
[SourceTitle "CBM 068"]
[Source "ChessBase"]
[SourceDate "1999.02.01"]
[SourceVersion "1"]
[SourceVersionDate "1999.02.01"]
[SourceQuality "1"]

{[%mdl 172]} 1. e4 c5 2. Nf3 d6 3. Bb5+ Bd7 4. Bxd7+ Qxd7 5. c4 Nc6 6. d4 (6.
Nc3 Nf6 7. O-O {is another idea not allowing 8...Qg4 as it happened in the
game.}) 6... cxd4 7. Nxd4 Nf6 8. Nc3 Qg4 {in my opinion this is an equalizer.}
9. Qxg4 Nxg4 10. Nxc6 bxc6 11. Bf4 $1 {Later I have discovered that this move
has Baklan's trademark.} g5 $3 {At full blast.} (11... e6 12. h3 Ne5 (12... Nf6
13. O-O-O $16) 13. Bxe5 dxe5 14. Na4 $16) (11... f6 12. h3 Ne5 13. Bxe5 fxe5
14. c5 $16) (11... Nf6 12. O-O-O Nd7 13. Rhe1 (13. Be3 $6 g6 14. f4 Bg7 15. Kc2
f5 $1 16. Bd4 Bxd4 17. Rxd4 O-O-O 18. Re1 Rhe8 $11 {V.Baklan-Ch.Lutz,
Deutschland 1998.-Inf 72/(199).}) 13... g6 14. e5 $1 $16 (14. Na4 Nb6 15. Nxb6
axb6 16. e5 Kd7 $11)) (11... g6 12. h3 (12. f3 Nf6 13. c5 $14) 12... Nf6 13. e5
$14) (11... Rg8 12. h3 g5 13. hxg4 gxf4 14. f3 $16) 12. Bxg5 Ne5 (12... Bg7 $5
{Goldin} 13. Bd2 $6 (13. Ke2 Ne5 (13... Rb8 14. Rab1 Rb4 (14... Ne5 15. b3) 15.
f3 Ne5 16. c5 $16) (13... Bxc3 14. bxc3 Ne5 (14... Rg8 15. f4 $1 (15. Bf4 Nf6
16. Kf3 Nd7 $44) 15... Ne5 16. c5 f6 17. Bxf6 $1 exf6 18. fxe5 dxe5 19. g3 $16)
15. c5 Rg8 16. Bf4 $16) 14. c5 $16) 13... Bd4 $1 14. O-O (14. Ke2 Nxf2) 14...
Ne5 15. b3 Rg8 16. Kh1 Nd3 $17) 13. b3 $8 Rg8 14. Bh4 $8 (14. f4 $2 Ng6 15. g3
h6 $17) 14... Rg4 $1 (14... Rxg2 $6 15. Bg3 Bg7 16. Kf1 Rxg3 17. hxg3 Nd3 $1 (
17... Nf3 18. Rc1 $18 (18. Kg2 Bxc3 19. Rac1 Bd2 (19... Ne1+ 20. Kf1 Ba5 21.
Rxe1 Bxe1 22. Kxe1 $16) 20. Rcd1 $18)) 18. Rd1 Nb2 19. Rc1 Nd3 20. Rxh7 Bf6 21.
Rc2 Nb4 22. Rc1 Nd3 23. Rd1 Nb2 24. Rc1 Nd3 25. Ne2 Nxc1 26. Nxc1 $16 d5 27.
exd5 $1 (27. cxd5 cxd5 28. exd5 Rc8 29. Nd3 Rc2 30. Nb4 Rb2 $44 31. d6 exd6 (
31... Bd4 32. d7+ Kxd7 33. Rxf7 a5 34. Nd3 Rxa2)) (27. Nd3 dxc4 28. bxc4 Rd8
$44) 27... cxd5 28. c5 Rc8 29. Nd3 $16) 15. Bg3 Bg7 16. Kd2 (16. h3 Rg6 $1 (
16... Nxc4 17. hxg4 Bxc3+ 18. Ke2 Bxa1 19. Rxa1 (19. bxc4 Bd4 20. Kd3 c5 21.
Rxh7 Rb8 $44) 19... Nb6 20. Rh1 $18) (16... Rxg3 17. fxg3 Nxc4 18. Rc1 Nb6 $44)
17. Kd2 a5 $44) 16... Ng6 17. f3 Rg5 $44 {17...h5 is coming.} 18. Rag1 $6 {
after a long thought.} (18. Rad1 h5 19. f4 Rg4 20. f5 Nf4 21. Bxf4 Rxf4 22. g3
Rg4 $5 $36) (18. f4 $1 Rg4 19. Raf1 h5 20. Nd1 Bh6 (20... Bd4 $2 21. Ne3 Bxe3+
22. Kxe3) 21. Nf2 Bxf4+ 22. Ke2 Rg5 23. Nh3 Rxg3 24. hxg3 Bxg3 25. Ng5 Nf4+ 26.
Kd2 (26. Ke3 e5 27. Nh3 Ne6 $44) 26... h4 27. Rf3 Rd8 $44) 18... Bd4 $6 (18...
h5 $142 19. Ne2 Rd8 $5 $40) 19. Rc1 Kd7 20. Ne2 Bb6 21. h4 Ra5 22. Rc2 Rg8 23.
Be1 Ne5 24. Nf4 Ra3 $1 25. Ke2 Bd4 $1 26. Bb4 (26. Bf2 Bxf2 27. Kxf2 a5 (27...
c5 $2 28. Rd1 a5 29. Nd5 Rb8 30. Nc3) 28. c5 dxc5 29. Rd1+ Kc7 $11) (26. Bb4
Ra6 27. c5 Rb8 28. a3 dxc5 29. Rd1 Ke8 30. Bxc5 Bxc5 31. Rxc5 f6 32. Ne6 Rxa3
33. f4 Ra2+ 34. Rd2 Rxd2+ 35. Kxd2 Kf7 36. fxe5 Kxe6 37. exf6 exf6 38. Rxc6+
Ke5 $11) 1/2-1/2

[Event "Julian Borowski-B 4th"]
[Site "Essen"]
[Date "2002.05.17"]
[Round "2"]
[White "Souleidis, Georgios"]
[Black "Naiditsch, Arkadij"]
[Result "0-1"]
[WhiteElo "2404"]
[BlackElo "2557"]
[Annotator "Atlas,V"]
[PlyCount "58"]
[EventDate "2002.05.16"]
[EventType "tourn"]
[EventRounds "9"]
[EventCountry "GER"]
[EventCategory "16"]
[SourceTitle "CBM 090"]
[Source "ChessBase"]
[SourceDate "2002.09.20"]
[SourceVersion "1"]
[SourceVersionDate "2002.09.20"]
[SourceQuality "1"]

1. e4 c5 2. Nf3 d6 3. Bb5+ Bd7 4. Bxd7+ Qxd7 5. O-O Nc6 6. c3 Nf6 7. Qe2 e6 8.
d4 cxd4 9. cxd4 d5 10. e5 Ne4 11. Be3 Be7 12. Ne1 f5 13. f3 Ng5 14. Nd3 O-O 15.
Nc3 Nf7 16. Kh1 Rac8 17. Rg1 Nh8 18. g4 Ng6 19. g5 Na5 20. Qf2 b5 21. h4 f4 22.
Bc1 b4 23. Ne2 Qb5 24. Rd1 Rf5 25. Bxf4 Rcf8 26. Qg3 Nc4 27. b3 $2 ({A serious
mistake. White obviously overlooked the reply of his opponent. Correct was} 27.
Rab1) {[%tqu "En","White seems to have defended, but this is just an illusion.
How Black break this defence?","Exploit the shaky position of White's
e2-knight.","Sacrifice your knight to deflect White's d3-knight and open the
f1-a6 diagonal.","c4b2","This efficient knight move immediately dissolves
White's illusions.",6]} 27... Nb2 $1 {[%csl Rd3,Re2][%cal Gb5e2] An impressive
knight thrust, after which White is entirely helpless.} 28. Nxb2 Qxe2 {[%csl
Rf3,Rf4][%cal Gf8f3,Gg6f4] Elimination of the White's key defenders yields
Black an irresistible attack.} 29. Rd2 Qa6 {, and White resigned, as he cannot
avoid huge material losses.} 0-1

[Event "Moscow Aeroflot op"]
[Site "Moscow"]
[Date "2002.02.05"]
[Round "1"]
[White "Rublevsky, Sergei"]
[Black "Kalinin, Alexander"]
[Result "1-0"]
[WhiteElo "2655"]
[BlackElo "2512"]
[Annotator "Atlas,V"]
[PlyCount "57"]
[EventDate "2002.02.04"]
[EventType "swiss"]
[EventRounds "9"]
[EventCountry "RUS"]
[SourceTitle "CBM 088"]
[Source "ChessBase"]
[SourceDate "2002.03.21"]
[SourceVersion "1"]
[SourceVersionDate "2002.03.21"]
[SourceQuality "1"]

1. e4 c5 2. Nf3 d6 3. Bb5+ Bd7 4. Bxd7+ Qxd7 5. c4 Nf6 6. Nc3 Nc6 7. O-O e6 8.
d4 cxd4 9. Nxd4 Be7 10. Be3 O-O 11. Qe2 Rfe8 12. Rad1 Rad8 13. f4 Qc7 14. Kh1
a6 15. Nxc6 Qxc6 16. Bd4 Rc8 17. b3 Bd8 18. e5 $1 dxe5 19. fxe5 Nd7 20. Ne4 Be7
21. Rd3 Nc5 22. Bxc5 Bxc5 23. Ng5 $1 Rc7 24. Qh5 h6 25. Rxf7 $1 (25. Nxf7 Rf8
26. Rd8 {was also sufficient for win, but the text move is much more efficient.
}) 25... hxg5 26. Rxc7 Rf8 $1 {A remarkable but insufficient attempt to refute
White's combination.} (26... Qxc7 {loses after} 27. Qxe8+) {[%tqu "En",
"Black's last move seems to be an impressive refutation of White's combination:
he is threatening 27...Rf1 and 27...Qc7. Yet, White can justify his previous
play and impressively conclude his attack. Do you see how?","Disclose the
enemy king!","Sacrifice your c7-rook!","c7g7","The winning move is a nice
touch!",5]} 27. Rxg7+ $1 {[%csl Rg5,Rg8][%cal Gh5g5,Gd3h3]} (27. Rd8 $2 {
(/\ 27...Rd8 28.Qf7+ +-) would be a wrong choice, as after} Qxc7 {Black is
winning. After the text move mate is inevitable.}) 27... Kxg7 28. Qxg5+ Kf7 29.
Qf6+ (29. Qf6+ {, and Black resigned in view of} Kg8 (29... Ke8 30. Rd8#) 30.
Qg6+ Kh8 31. Rh3#) 1-0

[Event "EU-Cup 19th"]
[Site "Rethymno"]
[Date "2003.10.02"]
[Round "5.3"]
[White "Malakhov, Vladimir"]
[Black "Avrukh, Boris"]
[Result "1/2-1/2"]
[WhiteElo "2696"]
[BlackElo "2557"]
[Annotator "Avrukh,B"]
[PlyCount "119"]
[EventDate "2003.09.28"]
[EventType "team-swiss"]
[EventRounds "7"]
[EventCountry "GRE"]
[SourceTitle "CBM 098"]
[Source "ChessBase"]
[SourceDate "2004.02.03"]
[SourceVersion "1"]
[SourceVersionDate "2004.02.03"]
[SourceQuality "1"]
[WhiteTeam "Norilsk Nikel"]
[BlackTeam "Beer Sheva"]
[WhiteTeamCountry "RUS"]
[BlackTeamCountry "ISR"]

1. e4 c5 2. Nf3 d6 3. Bb5+ Bd7 4. Bxd7+ Qxd7 5. O-O Nf6 6. Re1 g6 ({The
principled answer used to be:} 6... Nc6 7. c3 e6 8. d4 cxd4 9. cxd4 d5 10. e5
Ne4 {and black has no problems here}) 7. c3 (7. e5 $5 Ng4 $1 (7... dxe5 $2 8.
Nxe5 Qc7 (8... Qc8 9. Nc4 {[%cal Gc4d6]} Qc6 10. Na5 Qc7 11. Qf3 $16 {[%csl
Gb7][%cal Gf3f6]}) 9. Nc3 Bg7 10. Nb5 Qb6 $140 11. Nc4 $1 $18) (7... Nd5 $143
8. d4 Bg7 9. dxc5 (9. c4 $143 Nb6 10. dxc5 dxc5 11. Qe2 Nc6 $11 {[%csl Gd4]})
9... dxc5 10. e6 fxe6 11. Ng5 $36) 8. exd6 (8. e6 $2 fxe6 9. Ng5 e5 $17) (8. d4
cxd4 (8... dxe5 $5 $13) 9. Bf4 (9. exd6 Qxd6 10. Re4 Nf6 11. Rxd4 Qb6 $11 {
[%cal Gb8c6]}) 9... dxe5 10. Nxe5 Nxe5 11. Bxe5 Rg8 $11 {[%cal Gb8c6]}) 8...
Qxd6 9. Nc3 Bg7 $13 {[%cal Ge8g8]}) 7... Bg7 8. d4 O-O $146 (8... cxd4 $143 9.
cxd4 d5 (9... O-O 10. Nc3 $14 {1-0 Ter Steponiants,A-Zaitseva,E/Smolensk 2001/
EXT 2002 (34)}) 10. Ne5 (10. e5 Ne4 11. Nc3 Nxc3 12. bxc3 Nc6 13. Ng5 e6 14.
Qg4 h6 15. Nh3 O-O-O $13 {1/2-1/2 Riedl,J-Koeller,O/Aschach 2000/CBM 79 ext 
(29)}) 10... Qd8 11. Qb3 $36 {[%csl Gb7]}) 9. d5 (9. dxc5 dxc5 10. Qxd7 Nfxd7
$11 {[%cal Gb8c6]}) 9... Na6 (9... e6 10. Bg5 $1 (10. dxe6 Qxe6 (10... fxe6 $2
11. e5 $16) 11. Bf4 d5 12. exd5 Qxd5 13. Qxd5 Nxd5 14. Bd6 Rc8 $11) 10... exd5
$140 11. Bxf6 Bxf6 12. Qxd5 $14) 10. a4 (10. c4 $143 {[%cal Ge4e5]} e5 {
and black has a very good Kingsindian}) (10. Na3 b5 $5 $13) 10... e6 11. Bg5
exd5 (11... Nc7 $143 12. dxe6 Nxe6 13. Bh4 $1 {and black's knight is misplaced
on e6} (13. Bxf6 Bxf6 14. Na3 Rad8 $11 {[%cal Gd6d5]})) 12. Bxf6 Bxf6 13. Qxd5
Nc7 14. Qd3 (14. Qxb7 $4 Rfb8 {[%csl Rb7]}) 14... Qc6 {Generally speaking,i
was quite happy with the way i solved my opening problems,but i've realized,
that after premature d6-d5 advance white will get slightly better chances.
That's why i decided correctly to delay this advance.} (14... d5 15. Nbd2 Rad8
16. exd5 Qxd5 17. Qxd5 Nxd5 18. a5 $14 {[%cal Gd2c4]}) 15. Nbd2 Rfe8 16. Nc4
Rad8 (16... Re6 $142 $1 17. Nfd2 (17. Rad1 Rd8 $1 (17... Qxa4 $140 18. Nxd6 Rd8
19. e5 Bxe5 20. Nxe5 Rexd6 21. Qxd6 Rxd6 22. Rxd6 $36) 18. Qc2 Rde8 $11) 17...
Rae8 {and black is fine}) 17. Nfd2 b6 (17... d5 18. exd5 Nxd5 19. Rxe8+ Rxe8
20. Qf3 Qe6 21. g3 $14) 18. Ne3 d5 ({Here i missed a very interesting
opportunity:} 18... Bg5 $5 19. c4 Bf6 20. Ra2 Bd4 {with double-edged play}) 19.
exd5 Nxd5 20. Nxd5 Rxe1+ 21. Rxe1 Rxd5 (21... Qxd5 22. Qxd5 Rxd5 23. Nc4 Kf8
24. Kf1 $14) 22. Qf3 Kg7 23. Nc4 Qd7 24. g3 h5 25. h4 Rd3 (25... Rf5 26. Qe4)
26. Qe2 Qd5 27. Qe4 Qxe4 (27... Qd8 28. Kg2 {[%csl Gd3]}) 28. Rxe4 $14 {
[%csl Gb2,Gc3,Gc4,Rf6] Finally white got exactly what he wanted to achieve-a
slightly better endgame,due to my bad bishop against well-placed knight on c4.
Still it's not so much for the serious advantage,black has quite enough
resources to hold this endgame.} Rd1+ (28... Kf8 29. Kf1 {[%cal Gf1e2]}) 29.
Kg2 Kf8 30. Kf3 {Of course white's idea is to pentrate with his king to the
queenside.} Rb1 {I've decided to defend in an active way,despite the fact,that
after passive:} (30... Rd7 31. Ke2 Rd8 {it was not so clear how white could
improve his position ,for example:} 32. Na3 (32. Re3 Rd7 33. Rd3 Ke7 34. Rxd7+
Kxd7 35. Kd3 Ke6 36. Ke4 Bd8 $11) 32... a6 33. Nc4 b5 $11) 31. Ke3 (31. Ke2
$140 a6 {[%cal Gb6b5]}) 31... Bd8 32. Kd2 Bc7 33. Kc2 Rf1 34. Re2 Ra1 (34... a6
35. Ne3 Ra1 36. Nd5 Bd8 37. Kb3 b5 38. axb5 axb5 39. c4 b4 {and black holds
somehow}) 35. Kb3 Rh1 $1 {[%cal Gh1h2] A first signal for counterplay} (35...
a6 $143 36. Na3 {[%csl Ga4]} Rd1 37. Kc4 {[%cal Ga4a5]} Bd6 38. Re3 {[%cal
Ge3d3] and black is in danger already}) 36. Ne3 Rh2 37. Rc2 (37. Nd5 $4 Bxg3)
37... f6 $1 {[%cal Gg6g5]} (37... f5 $2 {[%cal Gf5f4]} 38. f4 $1 Rh3 39. Nd5
Bd6 40. Rg2 Kf7 41. Kc4 $14 {[%cal Gc4b5,Gb5c6]}) 38. Kc4 g5 39. Nf5 gxh4 40.
gxh4 (40. Nxh4 $4 Bxg3 $19) 40... Kf7 41. Kd5 Be5 42. Rd2 (42. a5 bxa5 43. Kxc5
Ke6 44. Ng7+ Kf7 $11) 42... Rh1 {[%cal Gh1a1]} (42... Kg6 $2 43. Ke6 $1) 43.
Kc6 {[%cal Gc6b7]} Ke6 (43... Kg6 $2 44. Ne7+ Kf7 45. Rd7 $16) 44. Ng7+ Kf7 45.
Nxh5 (45. Rd7+ Kg6 46. Rxa7 Rxh4 47. Kxb6 Rf4 {[%csl Gh5][%cal Gh5h4] and
h-pawn is very dangerous}) 45... Rxh4 46. Rd7+ Kg6 47. f4 (47. Ng3 $2 Rxa4)
47... Bxc3 $5 (47... Rxh5 {was also enough for the draw} 48. fxe5 Rxe5 49. Rxa7
Re6+ $1 (49... f5 $2 50. Kxb6 f4 51. Rd7 $18 {[%cal Ga4a5,Gd7d1]}) 50. Kd5 (50.
Kb5 f5 51. a5 bxa5 52. Rxa5 f4) 50... Re5+ 51. Kc4 f5 52. Ra6 $140 (52. a5 $142
$11) 52... f4 53. Rxb6+ Kg5 54. Rb8 f3 55. Rf8 Rf5 $17) 48. bxc3 (48. Rg7+ Kxh5
49. Rh7+ Kg4 (49... Kg6 $5 {pointed after the game by Malakhov} 50. Rxh4 Bxb2
51. Kb7 Bc3 $1 52. Kxa7 Ba5 {[%cal Gc5c4,Gg6f5] with easy draw}) 50. Rxh4+ Kxh4
51. bxc3 Kg4 52. Kb7 Kxf4 53. Kxa7 f5 54. Kxb6 Ke3 55. a5 f4 56. a6 f3 57. a7
f2 58. a8=Q f1=Q 59. Kxc5 Kd2 $1 $11 60. c4 Qg1+ 61. Kd6 Qg3+ 62. Kc5 Qe3+ 63.
Kb5 Qb3+ {with perpetual}) 48... Rxh5 49. Rxa7 Rh3 50. c4 (50. Kxb6 {still was
create some problems for black} Rxc3 51. Rc7 c4 (51... Rb3+ $143 $2 52. Kxc5
Kf5 53. Rc6 $1 Rf3 54. a5 Rxf4 55. a6 Ra4 56. Kb6 $18 {[%cal Gc6c5,Gc5a5]}) (
51... Rc4 $140 $2 52. f5+ $1) 52. Kb5 $1 (52. a5 Rb3+ 53. Ka7 c3 $11) 52...
Rb3+ 53. Kxc4 Rf3 54. a5 Rxf4+ 55. Kb5 Rf1 56. a6 Rb1+ 57. Kc6 Ra1 58. Kb7 {
and now black will make a draw after both:} Kf5 ({and} 58... Rb1+ 59. Kc8 f5
60. a7 Ra1 61. Rc6+ Kg5 62. Kb7 Rxa7+ 63. Kxa7 f4 64. Rc1 f3 65. Kb6 Kf4 66.
Kc5 Ke3 $11) 59. a7 Ke4 60. a8=Q Rxa8 61. Kxa8 f5 $11) 50... Rc3 51. a5 (51.
Kxb6 Rxc4 52. a5 Rc1 53. a6 c4 54. Rc7 c3 55. a7 Rb1+ $11) 51... bxa5 52. Kxc5
Kf5 $11 {Now the draw result is clear.} 53. Ra6 Rc1 54. Kb5 a4 55. c5 a3 56.
Rxa3 Kxf4 57. c6 Ke4 58. Kb6 f5 59. Ra4+ Ke3 60. c7 {I was really very proud
to hold such an endgame against Malakhov ,also this result was a decisive
factor in our match.My team Beer-Sheva has manged to beat an extremely strong
team of Norilsky Nikel 3.5-2.5} 1/2-1/2

[Event "Dos Hermanas"]
[Site "Dos Hermanas"]
[Date "1996.05.21"]
[Round "1"]
[White "Kramnik, Vladimir"]
[Black "Polgar, Judit"]
[Result "1/2-1/2"]
[WhiteElo "2775"]
[BlackElo "2675"]
[Annotator "Azmaiparashvili"]
[PlyCount "67"]
[EventDate "1996.05.21"]
[EventType "tourn"]
[EventRounds "9"]
[EventCountry "ESP"]
[EventCategory "19"]
[SourceTitle "CBM 053"]
[Source "ChessBase"]
[SourceDate "1996.08.01"]
[SourceVersion "1"]
[SourceVersionDate "1996.08.01"]
[SourceQuality "1"]

1. e4 {Horvath,T} c5 2. Nf3 d6 3. Bb5+ Bd7 4. Bxd7+ Qxd7 5. c4 Nf6 6. Nc3 Nc6
7. O-O Nd4 {Die bekannte Züge sind 7...-g6 7...-e6 und 7...-Ne5} (7... g6 {
Kramnik-Gelfand,94}) 8. b4 $5 $146 (8. Nxd4 cxd4 9. Nb5 Nxe4 (9... a6 10. Nxd4
Nxe4 11. Re1 Nf6 12. Qf3 e6 13. Nf5 Qc6 14. Qf4 $16) 10. Nxd4 $10 {
Rublevskiy-Sakaev} (10. Qa4 $5 Rc8 11. Qxa7 Rxc4 12. d3 Rc8 13. dxe4 Qxb5 14.
Qxd4 $16 {Dolmatov})) 8... Qg4 9. Kh1 (9. Nxd4 Qxd1 10. Nxd1 cxd4 11. d3 a5 12.
Bd2 axb4 13. Bxb4 $14) 9... Nxf3 (9... Nxe4 {Horvath,T} 10. h3 Qf5 11. Nxd4
cxd4 12. Qa4+ Kd8 13. Nb5 $16) 10. gxf3 Qh3 11. Rb1 $2 (11. bxc5 dxc5 12. Rb1
e6 13. e5 $16) 11... g6 12. bxc5 Bh6 13. Rg1 (13. d4 $5 {Horvath,T} Bxc1 14.
Rxc1 dxc5 15. Nd5 $14) 13... dxc5 14. Rxb7 Bf4 15. Rg2 O-O $1 $44 16. d3 (16.
Rxe7 {Horvath,T} Rfb8 {/\Bd6} 17. e5 Nd7 $44) 16... Be5 17. Nd5 Nxd5 18. cxd5
Rfb8 19. Rxb8+ (19. Rb3 Rxb3 20. axb3 Qh5 $1 $44) (19. Rxe7 $2 {Horvath,T} Bd6
20. Bg5 Kf8 $19) 19... Rxb8 20. f4 Bd4 21. Rg3 Qd7 22. Qc2 e6 $6 (22... Qb5 23.
Kg2 Qb1 24. Qxb1 Rxb1 25. Be3 Rb2 26. Bxd4 cxd4 27. Kf3 f6) 23. dxe6 Qxe6 24.
Kg2 c4 25. Qxc4 Qxc4 26. dxc4 Rc8 27. Bd2 Rxc4 28. Rd3 $1 $14 Kf8 (28... Ra4 $2
29. a3 Bc5 30. Rd8+ Kg7 31. Bc3+) 29. Kf3 Ke8 (29... f5 $5) 30. Ra3 Bb6 31. Be3
Kd7 32. Ra6 $2 (32. h4 $5 h5 33. Ra6 Rb4 34. e5 $16) 32... Rc3 33. h4 $2 (33.
Ke2 Bxe3 34. fxe3 Rc2+ 35. Kf3 Rxh2 36. Rxa7+ $14) 33... Kc6 34. Ke2 (34. Ke2
Kb5 35. Kd2 Kxa6 36. Kxc3 Bd8 37. h5 gxh5 $13) 1/2-1/2